000 00700nam a2200193Ii 4500
003 JO-AjNU
008 230605s9999||||xx |||||||||||||| ||und||
040 _aJO-AjNU
_bara
_erda
_cJO-AjNU
041 _aara
050 1 4 _aHB3634.3.M352.2011
100 3 _aالمجلس الأعلى للسكان. الأمانة العامة,
_eauthor
_946164
245 0 0 _aالمجلس الأعلى للسكان : التقرير السنوي 2011
264 3 1 _aعمان: لمجلس الأعلى للسكان، 2011
300 _a43ص
336 _atext
_btxt
_2rdacontent
337 _aunmediated
_bn
_2rdamedia
338 _avolume
_bnc
_2rdacarrier
650 4 _aالأردن -- السكان -- تقارير
_946165
999 _aA20063
_c23631
_d23631